01342nam a2200325Ia 4500001001200000003000800012006001900020007001500039008004100054010001700095020001800112020002600130020004300156020004000199040002100239035002100260050002400281245008900305260007200394300003200466440003900498504005300537533015200590650005100742650002300793655002900816700002800845710001700873856012600890ebr10631310CaPaEBRm u cr cn|||||||||091130s2010 enkab sbf 001 0 eng d z 2009050257 z9781118347157 z9781444318166 (ebook) z9781405175807 (hardcover : alk. paper) z140517580X (hardcover : alk. paper) aCaPaEBRcCaPaEBR a(OCoLC)58739145414aP130.5b.H36 2010eb04aThe handbook of language contacth[electronic resource] /cedited by Raymond Hickey. aChichester, West Sussex ;aMalden, Mass. :bWiley-Blackwell,c2010. axvii, 863 p. :bill., maps. 0aBlackwell handbooks in linguistics aIncludes bibliographical references and indexes. aElectronic reproduction.bPalo Alto, Calif. :cebrary,d2013.nAvailable via World Wide Web.nAccess may be limited to ebrary affiliated libraries. 0aLanguages in contactvHandbooks, manuals, etc. 0aAreal linguistics. 7aElectronic books.2local1 aHickey, Raymond,d1954-2 aebrary, Inc.40uhttp://site.ebrary.com/lib/rucke/Doc?id=10631310zAn electronic book accessible through the World Wide Web; click to view